| 000 | 00954cam a22003017i 4500 | ||
|---|---|---|---|
| 008 | |||
| 020 | _a9780128022108 (pbk.) | ||
| 049 | _aMAIN | ||
| 090 |
_aQE509.5 _bSPI |
||
| 100 | 1 | _aSpichak, V. V. | |
| 245 | 1 | 0 |
_aElectromagnetic geothermometry / _cViacheslav V. Spichak [and] Olga K. Zakharova. |
| 260 |
_aAmsterdam : _bElsevier, _c2015. |
||
| 300 |
_ax, 183 p. : _bill. (some col.) ; _c23 cm. |
||
| 500 | _aIncludes index. | ||
| 504 | _aIncludes bibliographical references. | ||
| 650 | 0 |
_aEarth temperature _xMeasurement. |
|
| 650 | 0 | _aElectromagnetic waves. | |
| 650 | 0 | _aTemperature measurements. | |
| 650 | 7 |
_aEarth temperature _xMeasurement. |
|
| 650 | 7 | _aElectromagnetic waves. | |
| 650 | 7 | _aTemperature measurements. | |
| 700 | 1 | _aZakharova, Olga K. | |
| 907 |
_a.b10374048 _b02-06-16 _c01-06-16 |
||
| 003 | |||
| 005 | 20230123122219.0 | ||
| 040 | _cNUST | ||
| 942 |
_cBOOKS _kQE509.5 _mSPI |
||
| 999 |
_c129770 _d129770 |
||